| 000 -LEADER |
| fixed length control field |
00826nam a22002297a 4500 |
| 003 - CONTROL NUMBER IDENTIFIER |
| control field |
OSt |
| 005 - DATE AND TIME OF LATEST TRANSACTION |
| control field |
20210420050849.0 |
| 008 - FIXED-LENGTH DATA ELEMENTS--GENERAL INFORMATION |
| fixed length control field |
201120s2014 ||||| |||| 00| 0 spa d |
| 020 ## - INTERNATIONAL STANDARD BOOK NUMBER |
| International Standard Book Number |
9788497783040 |
| 040 ## - CATALOGING SOURCE |
| Original cataloging agency |
spa |
| Language of cataloging |
eng |
| Transcribing agency |
DLC |
| 041 ## - LANGUAGE CODE |
| Language code of text/sound track or separate title |
spa |
| 080 ## - UNIVERSAL DECIMAL CLASSIFICATION NUMBER |
| Universal Decimal Classification number |
811.134.2 |
| Item number |
L-85 |
| 100 ## - MAIN ENTRY--PERSONAL NAME |
| 9 (RLIN) |
204 |
| Personal name |
Lobato, Sanchez Jesus |
| 245 ## - TITLE STATEMENT |
| Title |
Nuevo Espanol 2000 / New Spanish |
| Remainder of title |
: Libro del Alumno / Student Book, Nivel Medio / Intermediate |
| Statement of responsibility, etc. |
/ by: Sociedad General Espanola de Libreria / Sociedad General Spanish Library |
| 250 ## - EDITION STATEMENT |
| Edition statement |
10th edition |
| 260 ## - PUBLICATION, DISTRIBUTION, ETC. |
| Place of publication, distribution, etc. |
Madrid |
| Name of publisher, distributor, etc. |
Sociedad General Espanola de Libreria / Sociedad General Spanish Library |
| Date of publication, distribution, etc. |
2014 |
| 300 ## - PHYSICAL DESCRIPTION |
| Extent |
259 p. ill. |
| Other physical details |
1 CD |
| 650 #0 - SUBJECT ADDED ENTRY--TOPICAL TERM |
| 9 (RLIN) |
202 |
| Topical term or geographic name entry element |
Spanish Language |
| 653 ## - INDEX TERM--UNCONTROLLED |
| Uncontrolled term |
ესპანური ენა |
| 700 ## - ADDED ENTRY--PERSONAL NAME |
| 9 (RLIN) |
205 |
| Personal name |
Fernandez, Garcia Nieves |
| 942 ## - ADDED ENTRY ELEMENTS (KOHA) |
| Source of classification or shelving scheme |
|
| Koha item type |
Books |
| Edition |
10 |